| 000 | 00513cam a22001577a 4500 | ||
|---|---|---|---|
| 008 | 180718b1892 xxu||||| |||| 00| 0 eng d | ||
| 082 | _aA6x54 R861/B664 | ||
| 100 | _aBoulger, Demetrius | ||
| 245 |
_aLord William Bentinck _cby Demetrius Boulger |
||
| 260 |
_aOxford _bClarendon Press _c1892 |
||
| 300 | _a214+p. | ||
| 440 | _aRulers of India | ||
| 650 | _aIndia --Politics and government --19th century | ||
| 650 | _aGovernors --India --Biography | ||
| 650 | _aBentinck, William Henry Cavendish, Lord, 1774-1839 | ||
| 999 |
_c438146 _d438146 |
||